000 01259pam a2200325 a 4500
001 7491
003 BD-RjUL
005 20211208234425.0
008 140115r19931990enka b 001 0 eng
020 _a0198563329 :
020 _a0198563639 (pbk)
035 _a(BD-RjUL)7535
040 _aDLC
_cDLC
_dDLC
_dBD-RjUL
_beng
041 _aeng
082 0 0 _a510.02451
_220
_bBEM 1993
100 1 _aBell, D. J.
_q(David John),
_d1913-
_923387
245 1 0 _aMathematics of linear and nonlinear systems :
_bfor engineers and applied scientists /
_cD.J. Bell.
260 _aOxford [England] ;
_aNew York :
_bClarendon Press,
_bOxford University Press,
_cc1990 [Reprinted 1993].
300 _axiii, 304 p. :
_bill. ;
_c24 cm.
504 _aIncludes bibliographical references (p. [292]-294) and index.
650 0 _aScience
_xMathematics.
_923388
650 0 _aTechnology
_xMathematics.
_923389
650 0 _aNumerical calculations.
_919279
856 4 2 _3Publisher description
_uhttp://www.loc.gov/catdir/enhancements/fy0635/89037022-d.html
856 4 1 _3Table of contents only
_uhttp://www.loc.gov/catdir/enhancements/fy0635/89037022-t.html
942 _2ddc
_cBK
999 _c7491
_d7491